Comparative law in a global context : (Record no. 1271)

000 -LEADER
fixed length control field 01510cam a2200313 a 4500
001 - CONTROL NUMBER
control field 14019513
003 - CONTROL NUMBER IDENTIFIER
control field OSt
005 - DATE AND TIME OF LATEST TRANSACTION
control field 20140131114446.0
008 - FIXED-LENGTH DATA ELEMENTS--GENERAL INFORMATION
fixed length control field 050629s2006 nyua b 001 0 eng
010 ## - LIBRARY OF CONGRESS CONTROL NUMBER
LC control number 2005018618
020 ## - INTERNATIONAL STANDARD BOOK NUMBER
International Standard Book Number
020 ## - INTERNATIONAL STANDARD BOOK NUMBER
International Standard Book Number 9780521675291
040 ## - CATALOGING SOURCE
Original cataloging agency
Transcribing agency
Modifying agency
050 00 - LIBRARY OF CONGRESS CALL NUMBER
Classification number K559.M46 2006
082 00 - DEWEY DECIMAL CLASSIFICATION NUMBER
Classification number
Edition number
100 1# - MAIN ENTRY--PERSONAL NAME
Personal name Menski, Werner.
245 10 - TITLE STATEMENT
Title Comparative law in a global context :
Remainder of title the legal systems of Asia and Africa /
Statement of responsibility, etc Werner Menski.
260 ## - PUBLICATION, DISTRIBUTION, ETC. (IMPRINT)
Place of publication, distribution, etc New York :
Name of publisher, distributor, etc Cambridge University Press,
Date of publication, distribution, etc 2006.
300 ## - PHYSICAL DESCRIPTION
Extent xx, 674 p. :
Other physical details ill. ;
Dimensions 24 cm.
504 ## - BIBLIOGRAPHY, ETC. NOTE
Bibliography, etc Includes bibliographical references (p. 614-658) and index.
505 0# - FORMATTED CONTENTS NOTE
Formatted contents note Comparative law and legal theory from a global perspective -- Legal pluralism -- Comparative jurisprudence : images and reflections of law -- Hindu law : the search for appropriateness -- Islamic law : god's law or men's law? -- African law : the search for law -- Chinese law : code and conduct.
650 #0 - SUBJECT ADDED ENTRY--TOPICAL TERM
Topical term or geographic name as entry element Comparative law.
650 #0 - SUBJECT ADDED ENTRY--TOPICAL TERM
Topical term or geographic name as entry element Law
General subdivision Philosophy.
856 41 - ELECTRONIC LOCATION AND ACCESS
Materials specified Table of contents only
Uniform Resource Identifier <a href="http://www.loc.gov/catdir/toc/ecip0515/2005018618.html">http://www.loc.gov/catdir/toc/ecip0515/2005018618.html</a>
856 42 - ELECTRONIC LOCATION AND ACCESS
Materials specified Publisher description
Uniform Resource Identifier <a href="http://www.loc.gov/catdir/enhancements/fy0633/2005018618-d.html">http://www.loc.gov/catdir/enhancements/fy0633/2005018618-d.html</a>
856 42 - ELECTRONIC LOCATION AND ACCESS
Materials specified Contributor biographical information
Uniform Resource Identifier <a href="http://www.loc.gov/catdir/enhancements/fy0733/2005018618-b.html">http://www.loc.gov/catdir/enhancements/fy0733/2005018618-b.html</a>
942 ## - ADDED ENTRY ELEMENTS (KOHA)
Source of classification or shelving scheme
Koha item type Book
Holdings
Withdrawn status Lost status Source of classification or shelving scheme Damaged status Not for loan Home library Current library Shelving location Date acquired Total Checkouts Full call number Barcode Date last seen Copy number Price effective from Koha item type Date checked out Checked out
          Riara University Library Riara University Library General stack 31/01/2014   K559.M46 2006 4539/14 31/01/2014 C.1 31/01/2014 Book    
          Riara University Library Riara University Library General stack 31/01/2014 1 K559.M46 2006 4541/14 21/04/2017 C.2 31/01/2014 Book 20/04/2017  
          Riara University Library Riara University Library General stack 31/01/2014 1 K559.M46 2006 4540/14 09/10/2015 C.3 31/01/2014 Book 07/10/2015  
          Riara University Library Riara University Library General stack 31/01/2014 2 K559.M46 2006 4537/14 10/04/2026 C.4 31/01/2014 Book 10/04/2026 05/05/2026
          Riara University Library Riara University Library General stack 31/01/2014 2 K559.M46 2006 4538/14 17/07/2018 C.5 31/01/2014 Book 04/07/2018  

Riara University Library,
P.O. Box 49940-00100,
Nairobi, Kenya.